01036nam a2200265 a 450000100060000000300090000600800410001502000180005604000280007404100080010210000220011024502180013225000110035026000350036130000220039649000530041850000980047165000230056965000220059265000210061465000400063565000250067570000280070070000420072824398CO-ViMGA141112s2004 ck r 000 u spa d a9789587583090 aCO-ViMGAbspacCO-ViMGA aSPA1 aHolzwarth, Werner10aEl pequeño topo que quería saber quién se había hecho aquello en su cabeza / cWerner Holzwarth ; ilustrado por Wolf Erlbruch ; traducción de Miguel Azaola ; adaptación de la traducción Yolanda Reyes a1a ed. aBogotá : bAlfaguara, c2011 a30 p. : il. : il. aNidos para la lectura : yo no leo alguien me lee aTítulo original : Vom kleinen maulwurf, der wissen wollte, wer ihm auf den kopf gemacht hat14aANIMALES - CUENTO 14aAUTORES ALEMANES 14aCUENTOS ALEMANES14aLEER ES MI CUENTO - COLECCION 2011 14aLITERATURA INFANTIL 1 aErlbruch, Wolf, 1848 - 1 aReyes, Yolanda, 1959 - Azaola, Miguel